Ekonomické vzdelávanie na gymnáziách cez prizmu školskej obsahovej reformy v SR

Bibliographic Details
Main Author: Novák, Jaromír, 1978- (Author)
Format: Article
Language:Slovak
ISSN:1335-003X
Subjects:

MARC

LEADER 00000nab a2200000 a 4500
001 vtls010060032
003 SK-MaSNL
005 20260426085630.0
008 250507c2009 xo zr|p|||an |000 b|slo
015 |a SNBRB2010/02 
035 |a (uuid)d4806390-7bc1-4a12-ad32-34a8eda01eeb 
035 |a urn:nbn:sk:snk-ab9t5y 
035 |a (urnnbn)urn:nbn:sk:snk:ar-a08ry7 
038 |a SPK 
040 |a SNKBUCL  |b slo  |c SNKBUCL  |e AACR2 
041 0 |a slo  |b slo  |b eng 
044 |a xo  |c SK 
072 7 |a 37.014  |x Vzdelávacia a výchovná politika  |2 konspekt 
072 7 |a 37.016  |x Učebné osnovy. Vyučovacie predmety. Učebnice  |2 konspekt 
072 7 |a 33  |x Ekonómia  |2 konspekt 
080 |a 37.014.3  |x (437.6)  |2 2001 
080 |a 377:33  |2 2001 
080 |a 373.54  |2 2001 
100 1 |a Novák, Jaromír,  |d 1978-  |4 aut  |9 158627 
245 1 0 |a Ekonomické vzdelávanie na gymnáziách cez prizmu školskej obsahovej reformy v SR  |c Jaromír Novák 
504 |a Bibliogr. odkazy 
546 |a Res. angl., slov. 
650 0 7 |a ekonomické vzdelávanie  |2 snkbucl  |9 71679 
650 0 7 |a školské reformy  |2 snkbucl  |9 50060 
650 0 7 |a obsah vyučovania  |2 snkbucl  |9 527352 
650 0 7 |a kurikulum  |2 snkbucl  |9 68823 
650 0 7 |a gymnáziá  |2 snkbucl  |9 16386 
651 7 |a Slovensko  |2 snkbucl  |9 14231 
773 0 |t Technológia vzdelávania  |g Roč. XVII, č. 4 (2009), s. 13-obál  |x 1335-003X 
850 |a Slovenská národná knižnica 
852 |a Slovenská národná knižnica 
954 |a odborná, vedecká literatúra pôvodná (slovenská)  |2 lita 
958 |a article13 
958 |a NB 
958 |a OND 
958 |a EUIPO 
999 |c 2968294  |d 2970224